Andreoli and Carpenter’s Cecil essentials of medicine (Record no. 27310)

MARC details
000 -LEADER
fixed length control field 00470nam a2200181Ia 4500
020 ## - INTERNATIONAL STANDARD BOOK NUMBER
ISBN 97808089235
050 ## - CALL MARK
Classification number RC 46 .C42/
245 #0 - TITLE STATEMENT
Title Andreoli and Carpenter’s Cecil essentials of medicine
250 ## - EDITION / VOLUME STATEMENT
Edition / Volume statement 7th ed.
260 ## - PUBLICATION, DISTRIBUTION, ETC. (IMPRINT)
Place of publication Philadelphia
260 ## - PUBLICATION, DISTRIBUTION, ETC. (IMPRINT)
Name of publisher Saunders
260 ## - PUBLICATION, DISTRIBUTION, ETC. (IMPRINT)
Year of publication 2007
300 ## - PHYSICAL DESCRIPTION
Number of Pages 1258 p
650 ## - SUBJECT ADDED ENTRY--TOPICAL TERM
Topical Term Internal medicine. Internal Medicine.
942 ## - ADDED ENTRY ELEMENTS (KOHA)
Koha item type Books
Holdings
Withdrawn status Lost status Source of classification or shelving scheme Damaged status Not for loan Permanent Location Current Location Date acquired Accession Number Price effective from Koha item type
    Library of Congress Classification     NILE UNIVERSITY OF NIGERIA - MAIN LIBRARY NILE UNIVERSITY OF NIGERIA - MAIN LIBRARY 04/23/2025 0000056 04/23/2025 Books